000 00766cam a22002291 4500
001 sa 67004891
003 DLC
005 20260227112352.0
008 800125s1967 ii a b 00000 eng
010 _asa 67004891 //r852
043 _aa-ii---
050 0 _aHD9866.I62
_bE36 1967
082 _a338.4/7/677
110 2 0 _aEconomic and Scientific Research Foundation (India)
245 1 0 _aTextiles, 1960-1975;
_ba study of the basic raw material requirements of the Indian textile industry: cotton, rayon and synthetics.
260 1 _aNew Delhi
_c[1967]
300 _a111 p.
_billus.
_c23 cm.
350 _aRS10
440 0 _aNatural resources and industrial development series,
_v1
504 _aBibliography: p. 107-111.
650 0 _aTextile industry
_zIndia.
999 _c74837
_d74837